| 000 | 00490nmm a2200169Ia 4500 | ||
|---|---|---|---|
| 008 | 251105s9999||||xx |||||||||||||||||und|| | ||
| 020 | _a9789562829984 | ||
| 041 | _aspa | ||
| 100 | _aDíaz Eterovic, Ramón | ||
| 245 | 0 | _aLa oscura memoria de las armas | |
| 264 |
_a[Santiago de Chile, Chile] : _bLOM Ediciones, _c2008 |
||
| 300 | _a290 páginas | ||
| 490 | _aNarrativa | ||
| 650 | _aLatin American narrative | ||
| 856 | _uhttps://public.digitaliapublishing.com/a/18251 | ||
| 942 | _cCF | ||
| 999 |
_c94353 _d94353 |
||